The Road to Dictatorship (Record no. 779)

MARC details
000 -LEADER
fixed length control field 01096cam a22003251i 4500
001 - CONTROL NUMBER
control field 9861603
003 - CONTROL NUMBER IDENTIFIER
control field OSt
005 - DATE AND TIME OF LATEST TRANSACTION
control field 20230607091056.0
008 - FIXED-LENGTH DATA ELEMENTS--GENERAL INFORMATION
fixed length control field 800904s1964 enk 000 0 eng
010 ## - LIBRARY OF CONGRESS CONTROL NUMBER
LC control number 64054563
015 ## - NATIONAL BIBLIOGRAPHY NUMBER
National bibliography number GB64-770
020 ## - INTERNATIONAL STANDARD BOOK NUMBER
International Standard Book Number 0854961178
035 ## - SYSTEM CONTROL NUMBER
System control number (OCoLC)6681608
040 ## - CATALOGING SOURCE
Original cataloging agency DLC
Transcribing agency MH
Modifying agency ODaWU
-- Uk
-- DLC
041 1# - LANGUAGE CODE
Language code of text/sound track or separate title engger
042 ## - AUTHENTICATION CODE
Authentication code premarc
050 00 - LIBRARY OF CONGRESS CALL NUMBER
Classification number DD240
Item number .W383
082 ## - DEWEY DECIMAL CLASSIFICATION NUMBER
Classification number 943.08
Item number WIL
245 04 - TITLE STATEMENT
Title The Road to Dictatorship
Remainder of title Germany 1918-1933 /
Statement of responsibility, etc. Ten Contributions by Th. Eschenburg ... [et al.] ; translated from the German by Lawrence Wilson.
260 ## - PUBLICATION, DISTRIBUTION, ETC. (IMPRINT)
Place of publication, distribution, etc. London :
Name of publisher, distributor, etc. O. Wolff,
Date of publication, distribution, etc. c1964, 1977 printing.
300 ## - PHYSICAL DESCRIPTION
Extent 174 p. ;
Dimensions 22 cm.
490 0# - SERIES STATEMENT
Series statement German history series ;
Volume/sequential designation no. 1
500 ## - GENERAL NOTE
General note "Essays ... originally broadcast in the Third Programme of the Norddeutscher Rundfunk."
650 #0 - SUBJECT ADDED ENTRY--TOPICAL TERM
Topical term or geographic name as entry element National socialism.
651 #0 - SUBJECT ADDED ENTRY--GEOGRAPHIC NAME
Geographic name Germany
General subdivision Politics and government
Chronological subdivision 1918-1933.
700 1# - ADDED ENTRY--PERSONAL NAME
Personal name Eschenburg, Theodor,
Dates associated with a name 1904-1999.
730 0# - ADDED ENTRY--UNIFORM TITLE
Uniform title Norddeutscher Rundfunk.
906 ## - LOCAL DATA ELEMENT F, LDF (RLIN)
a 7
b cbc
c oclcrpl
d u
e ncip
f 19
g y-gencatlg
942 ## - ADDED ENTRY ELEMENTS (KOHA)
Source of classification or shelving scheme Dewey Decimal Classification
Koha item type Books
Holdings
Withdrawn status Lost status Source of classification or shelving scheme Damaged status Not for loan Home library Current library Date acquired Total Checkouts Full call number Barcode Date last seen Price effective from Koha item type
    Dewey Decimal Classification     Bunge Tower Library Bunge Tower Library 06/07/2023   943.08 WIL 10002046 06/07/2023 06/07/2023 Books
LIBRARY OPENING HOURS

When the Parliament is sitting: 8.00a.m - 7.00p.m or until the house adjourns
Mondays and Fridays and when the House is on Recess:  8.00a.m - 5.00p.m
Closed on Weekends and Public Holidays

Online Public Access Catalog (OPAC)
Website: http://www.parliament.go.ke
Bunge Library: https://libraryir.parliament.go.ke
Contact: library@parliament.go.ke | Tel no: (254-2)2221291 or 2848000 Ext 5043